Análisis Matemático (Registro nro. 3917)
[ vista simple ]
| 000 -LEADER | |
|---|---|
| fixed length control field | 01454 a2200229 4500 |
| 001 - CONTROL NUMBER | |
| control field | 45172 |
| 005 - DATE AND TIME OF LATEST TRANSACTION | |
| control field | 20260407155726.0 |
| 008 - FIXED-LENGTH DATA ELEMENTS--GENERAL INFORMATION | |
| fixed length control field | 260407a1960 arg spa d |
| 003 - CONTROL NUMBER IDENTIFIER | |
| control field | AR-UNSa-BCEJYS |
| 040 ## - CATALOGING SOURCE | |
| Original cataloging agency | AR-UNSa-BCEJYS |
| Language of cataloging | spa |
| Transcribing agency | AR-UNSa-BCEJYS |
| 080 ## - UNIVERSAL DECIMAL CLASSIFICATION NUMBER | |
| Universal Decimal Classification number | 517 |
| Common auxiliary subdivision | Análisis Matemático |
| 041 ## - LANGUAGE CODE | |
| Language code of text/sound track or separate title | spa |
| 100 1# - MAIN ENTRY--PERSONAL NAME | |
| Personal name | Apostol, Tom Mike |
| 245 10 - TITLE STATEMENT | |
| Title | Análisis Matemático |
| Name of part/section of a work | introducción moderna al cálculo superior |
| 264 #1 - PRODUCTION, PUBLICATION, DISTRIBUTION, MANUFACTURE, AND COPYRIGHT NOTICE | |
| Place of production, publication, distribution, manufacture | Barcelona : |
| Name of producer, publisher, distributor, manufacturer | Reverté |
| Date of production, publication, distribution, manufacture, or copyright notice | 1960 |
| 300 ## - PHYSICAL DESCRIPTION | |
| Extent | 534 p. |
| Dimensions | 22 cm. |
| 505 ## - FORMATTED CONTENTS NOTE | |
| Formatted contents note | 1.Sistemas de números reales y complejos – 2. Nociones fundamentales de la teoría de conjuntos – 3. Elementos de la teoría de conjuntos de puntos – 4. Los conceptos de límite y continuidad – 5. Diferenciación de funciones de una variable real – 6. Diferenciación de funciones de varias variables – 7. Aplicaciones de la diferenciación parcial – 8. Funciones de variación acotada, curvas rectificables y conjuntos conexos – 9. Teoría de la integración de Riemann-Stieltjes – 10. Integrales múltiples e integrales de línea – 11. Análisis vectorial – 12. Series y productos infinitos – 13. Sucesiones de funciones – 14. Integrales impropias de Riemann-Stieltjes – 15. Series de Fourier e integrales de Fourier – 16. Teorema de Cauchy y cálculo de residuos. |
| 590 ## - LOCAL NOTE (RLIN) | |
| Local note | niveau_biblio:m niveau_hierar:0 |
| 700 1# - ADDED ENTRY--PERSONAL NAME | |
| Personal name | Vélez Cantarell, Francisco |
| 700 1# - ADDED ENTRY--PERSONAL NAME | |
| Personal name | Linés Escardó, Enrique |
| 942 ## - ADDED ENTRY ELEMENTS (KOHA) | |
| Koha item type | |
| Withdrawn status | Lost status | Damaged status | Not for loan | Home library | Current library | Shelving location | Date acquired | Total checkouts | Full call number | Barcode | Date last seen | Price effective from | Koha item type |
|---|---|---|---|---|---|---|---|---|---|---|---|---|---|
| Biblioteca Prof. Eusebio Cleto del Rey | Biblioteca Prof. Eusebio Cleto del Rey | 07/04/2026 | 517 A645 | L24471 | 07/04/2026 | 07/04/2026 | Libro | ||||||
| Biblioteca Prof. Eusebio Cleto del Rey | Biblioteca Prof. Eusebio Cleto del Rey | 07/04/2026 | 517 A645 | L20987 | 07/04/2026 | 07/04/2026 | Libro |